[Event "EU-ch Rapid"]
[Site "Katowice"]
[Date "2021.12.18"]
[Round "2"]
[White "Andrejczuk, Beata"]
[Black "Sumets, Andrey"]
[Result "0-1"]
[WhiteElo "2016"]
[BlackElo "2524"]
[PlyCount "36"]
[EventDate "2021.12.18"]
[EventType "swiss (rapid)"]
[EventRounds "11"]
[EventCountry "POL"]
[SourceTitle "CBM 205 Extra"]
[Source "ChessBase"]
[SourceDate "2022.01.31"]
[SourceVersion "1"]
[SourceVersionDate "2022.01.31"]
[SourceQuality "1"]

1. e4 c5 2. Nc3 e6 3. f4 d5 4. e5 Nc6 5. Nf3 a6 6. a4 Nh6 7. g3 Qb6 8. d3 Bd7 9. Bg2 Nf5 10. 0-0 h5 11. Bd2 c4+ 12. Kh1 cxd3 13. cxd3 h4 14. gxh4 Be7 15. a5 Qa7 16. Be1 Ne3 17. Bf2 Nxd1 18. Bxa7 Nxc3 0-1

[Event "POL-chT 1st League"]
[Site "Ustron"]
[Date "2020.09.09"]
[Round "5.4"]
[White "Starosta, Martyna"]
[Black "Andrejczuk, Beata"]
[Result "1-0"]
[WhiteElo "2038"]
[BlackElo "2024"]
[PlyCount "72"]
[EventDate "2020.09.05"]
[EventType "team-tourn"]
[EventRounds "9"]
[EventCountry "POL"]
[SourceTitle "CBM 198 Extra"]
[Source "ChessBase"]
[SourceDate "2020.11.30"]
[SourceVersion "1"]
[SourceVersionDate "2020.11.30"]
[SourceQuality "1"]
[WhiteTeam "Opole Rodlo"]
[BlackTeam "Ostrow Wielkopolski"]
[WhiteTeamCountry "POL"]
[BlackTeamCountry "POL"]

1. e4 d5 2. exd5 Qxd5 3. Nc3 Qd8 4. d4 Nf6 5. Nf3 g6 6. Bc4 Bg7 7. 0-0 0-0 8. h3 b6 9. Bf4 Nc6 10. Nb5 a6 11. Na3 Bb7 12. c3 e6 13. Re1 Ne7 14. Bd3 Nf5 15. Be5 Nd5 16. Bxg7 Kxg7 17. Nc4 Nh4 18. Nxh4 Qxh4 19. Be4 Rad8 20. Ne5 f5 21. Bf3 Bc8 22. Qb3 g5 23. Nc6 Rd6 24. Bxd5 exd5 25. Re7+ Kh8 26. Rxc7 f4 27. Qb4 Qh6 28. Re1 a5 29. Qa3 f3 30. Ree7 Bf5 31. Ne5 g4 32. Nf7+ Rxf7 33. Rxf7 g3 34. fxg3 f2+ 35. Kxf2 Bd7 36. Rcxd7 Qd2+ 1-0

[Event "POL-ch blitz (Women)"]
[Site "Szczawno Zdroj"]
[Date "2018.12.16"]
[Round "6"]
[White "Andrejczuk, Beata"]
[Black "Kucharska, Honorata"]
[Result "1/2-1/2"]
[WhiteElo "2030"]
[BlackElo "2177"]
[PlyCount "91"]
[EventDate "2018.12.16"]
[EventType "swiss (blitz)"]
[EventRounds "13"]
[EventCountry "POL"]
[SourceTitle "CBM 187 Extra"]
[Source "ChessBase"]
[SourceDate "2018.11.04"]
[SourceVersion "1"]
[SourceVersionDate "2018.11.04"]
[SourceQuality "1"]

1. e4 e6 2. d4 d5 3. e5 c5 4. c3 Nc6 5. Nf3 Bd7 6. a3 c4 7. Be2 Na5 8. Nbd2 Qb6 9. 0-0 0-0-0 10. Rb1 Nb3 11. Nxb3 cxb3 12. c4 dxc4 13. Bxc4 Ba4 14. Be3 Kb8 15. Nd2 Nh6 16. Bxb3 Bb5 17. Re1 Nf5 18. a4 Bd3 19. Nc4 Bxc4 20. Bxc4 Bb4 21. Re2 Nxd4 22. Bxd4 Rxd4 23. Qc2 Rc8 24. b3 Rcd8 25. h3 Rd2 26. Qe4 R8d4 27. Qxh7 a6 28. Qg8+ Ka7 29. Qxf7 Rxe2 30. Bxe2 Rd2 31. Qf3 Qd4 32. Bc4 Bc5 33. Rf1 Qxe5 34. Qf7 Bd6 35. g3 Bc5 36. Kg2 Qe4+ 37. Qf3 Qe5 38. Qf7 Bd6 39. Qf3 g5 40. Rc1 Bc5 41. Rf1 Rb2 42. Qf7 Bd6 43. Qf3 Rc2 44. Rd1 Bc5 45. Rf1 Bd6 46. Rd1 1/2-1/2

[Event "POL-ch blitz (Women)"]
[Site "Szczawno Zdroj"]
[Date "2018.12.16"]
[Round "3"]
[White "Cagara, Paulina"]
[Black "Andrejczuk, Beata"]
[Result "1-0"]
[WhiteElo "2025"]
[BlackElo "2030"]
[PlyCount "182"]
[EventDate "2018.12.16"]
[EventType "swiss (blitz)"]
[EventRounds "13"]
[EventCountry "POL"]
[SourceTitle "CBM 187 Extra"]
[Source "ChessBase"]
[SourceDate "2018.11.04"]
[SourceVersion "1"]
[SourceVersionDate "2018.11.04"]
[SourceQuality "1"]

1. e4 d5 2. exd5 Qxd5 3. Nc3 Qa5 4. d4 c6 5. Bc4 Nf6 6. Nf3 Bg4 7. h3 Bh5 8. g4 Bg6 9. Bd2 Qc7 10. Ne5 Nbd7 11. Bf4 Nxe5 12. Bxe5 Qd7 13. Qe2 0-0-0 14. 0-0-0 e6 15. h4 h5 16. f3 Nd5 17. Ne4 f6 18. Bg3 hxg4 19. fxg4 f5 20. Ng5 f4 21. Bf2 Re8 22. Rhe1 Bd6 23. Bb3 e5 24. dxe5 Bxe5 25. Bxd5 cxd5 26. Qf3 Qa4 27. Qb3 Qxb3 28. axb3 d4 29. h5 f3 30. Kb1 Bf4 31. Nxf3 Be4 32. Nxd4 Re5 33. Rxe4 Rxe4 34. Nb5 a6 35. Nc3 Re7 36. Bc5 Rf7 37. Nd5 Bc7 38. Ne7+ Kb8 39. Nf5 Re8 40. Ka2 Re2 41. c3 Rf6 42. Bd4 Rc6 43. Bxg7 Rc5 44. Bd4 Ra5+ 45. Kb1 Be5 46. Bxe5+ Raxe5 47. Nd4 Rg2 48. h6 Rxg4 49. Rh1 Re8 50. h7 Rh8 51. Ne6 Re4 52. Ng5 Re7 53. Ka2 Rg7 54. Rh5 Ka7 55. Ka3 b5 56. Kb4 Kb6 57. c4 a5+ 58. Kc3 b4+ 59. Kd4 Re7 60. Rh6+ Kb7 61. Kd5 Rd8+ 62. Kc5 Rc7+ 63. Kb5 a4 64. h8Q Rxh8 65. Rxh8 a3 66. Kxb4 axb2 67. Rh1 Rg7 68. Ne4 Kc6 69. Rb1 Re7 70. Nc3 Rb7+ 71. Ka3 Kc5 72. Na4+ Kd4 73. Rxb2 Ra7 74. Rd2+ Ke3 75. Rd6 Ra8 76. Kb4 Rb8+ 77. Rb6 Rh8 78. Nc5 Kd4 79. Ne6+ Kd3 80. Kb5 Kc3 81. b4 Rh4 82. Rc6 Kb3 83. Nc5+ Kc3 84. Na6 Rh5+ 85. c5 Rh4 86. Rg6 Kd4 87. c6 Rh5+ 88. Nc5 Rh8 89. c7 Rc8 90. Kc6 Kc4 91. b5 Ra8 1-0

[Event "POL-chT blitz (Women)"]
[Site "Szczawno Zdroj"]
[Date "2018.12.15"]
[Round "6.5"]
[White "Parol, Pola"]
[Black "Andrejczuk, Beata"]
[Result "1/2-1/2"]
[WhiteElo "1723"]
[BlackElo "1905"]
[PlyCount "99"]
[EventDate "2018.12.15"]
[EventType "team-swiss"]
[EventRounds "11"]
[EventCountry "POL"]
[SourceTitle "CBM 187 Extra"]
[Source "ChessBase"]
[SourceDate "2018.11.04"]
[SourceVersion "1"]
[SourceVersionDate "2018.11.04"]
[SourceQuality "1"]

1. e4 d5 2. exd5 Qxd5 3. Nc3 Qa5 4. d4 c6 5. Bd3 Nf6 6. Nf3 Bg4 7. 0-0 e6 8. h3 Bh5 9. Be2 Bd6 10. Re1 Nbd7 11. Nd2 Bxe2 12. Qxe2 Qc7 13. Nde4 0-0-0 14. Be3 Bf4 15. Rad1 Nd5 16. Nxd5 exd5 17. Nc5 Nxc5 18. dxc5 Be5 19. c3 Rhe8 20. Qc2 g6 21. Bd4 f5 22. Qd2 Bf4 23. Qd3 h5 24. Be3 Be5 25. Bd4 Bh2+ 26. Kh1 Bf4 27. Be3 Bxe3 28. Rxe3 Qf4 29. Rde1 Rxe3 30. Qxe3 Qe4 31. Qd2 Qc4 32. b4 d4 33. cxd4 Rxd4 34. Qg5 Re4 35. Rd1 Qg8 36. Rd6 Re6 37. Rd4 Qe8 38. Qd2 Re1+ 39. Kh2 Qe5+ 40. f4 Qe8 41. Rd8+ Qxd8 42. Qxe1 Qd7 43. Qc3 Qe6 44. Qh8+ Kc7 45. Qg7+ Kc8 46. Qf8+ Kc7 47. Qg7+ Kc8 48. Qf8+ Kc7 49. Qg7+ Kc8 50. Qf8+ 1/2-1/2

[Event "POL-chT 2nd League"]
[Site "Jastrzebia Gora"]
[Date "2018.09.02"]
[Round "2.78"]
[White "Andrejczuk, Beata"]
[Black "Siwek, Kinga"]
[Result "1-0"]
[WhiteElo "2057"]
[BlackElo "1855"]
[PlyCount "89"]
[EventDate "2018.09.01"]
[EventType "team-swiss"]
[EventRounds "9"]
[EventCountry "POL"]
[SourceTitle "CBM 186 Extra"]
[Source "ChessBase"]
[SourceDate "2018.08.24"]
[SourceVersion "1"]
[SourceVersionDate "2018.08.24"]
[SourceQuality "1"]
[WhiteTeam "Zielonka Zieloni"]
[BlackTeam "Staniatki Goniec"]
[WhiteTeamCountry "POL"]
[BlackTeamCountry "POL"]

1. e4 c5 2. Nc3 Nc6 3. f4 g6 4. Nf3 Bg7 5. Bc4 e6 6. d3 Nge7 7. 0-0 0-0 8. Qe1 d5 9. Bb3 Rb8 10. a4 Nd4 11. Nxd4 Bxd4+ 12. Kh1 b6 13. Qh4 f5 14. e5 Ba6 15. Nb5 Bxb5 16. axb5 Qc7 17. c3 c4 18. dxc4 dxc4 19. Ba2 Bc5 20. Bxc4 Nd5 21. b3 Rbd8 22. Bd2 Qd7 23. Bxd5 Qxd5 24. Rxa7 Rd7 25. Rxd7 Qxd7 26. Qe1 Qxb5 27. b4 Be7 28. Be3 Rc8 29. Bd4 Rc4 30. Qa1 Kf7 31. Kg1 Qc6 32. Qa7 Kf8 33. Qb8+ Kf7 34. Qh8 Bxb4 35. Qxh7+ Kf8 36. Qh8+ Ke7 37. Qf6+ Ke8 38. Qxg6+ Ke7 39. Qf6+ Ke8 40. cxb4 Rxd4 41. Ra1 Qe4 42. Qh8+ Kd7 43. Ra7+ Kc6 44. Qe8+ Kd5 45. Qb5# 1-0

[Event "POL-chT 2nd League"]
[Site "Jastrzebia Gora"]
[Date "2018.09.01"]
[Round "1.6"]
[White "Czarniecka, Aleksandra"]
[Black "Andrejczuk, Beata"]
[Result "1-0"]
[WhiteElo "1822"]
[BlackElo "2057"]
[PlyCount "79"]
[EventDate "2018.09.01"]
[EventType "team-swiss"]
[EventRounds "9"]
[EventCountry "POL"]
[SourceTitle "CBM 186 Extra"]
[Source "ChessBase"]
[SourceDate "2018.08.24"]
[SourceVersion "1"]
[SourceVersionDate "2018.08.24"]
[SourceQuality "1"]
[WhiteTeam "Bogatynia UKS SP3"]
[BlackTeam "Zielonka Zieloni"]
[WhiteTeamCountry "POL"]
[BlackTeamCountry "POL"]

1. e4 d5 2. exd5 Qxd5 3. Nc3 Qa5 4. d4 c6 5. Bc4 Nf6 6. Bd2 Qc7 7. Qe2 Bf5 8. Nf3 e6 9. Ne5 Nbd7 10. 0-0-0 Nxe5 11. dxe5 Nd7 12. g4 Bg6 13. f4 0-0-0 14. Rhf1 Nb6 15. Bb3 h6 16. f5 exf5 17. gxf5 Bh7 18. Bf4 Bb4 19. e6 Rxd1+ 20. Nxd1 Bd6 21. Bxd6 Qxd6 22. exf7 Rd8 23. Qe6+ Kc7 24. Qxd6+ Kxd6 25. Re1 Nd7 26. Re8 Kc7 27. Ne3 Nf8 28. h4 h5 29. c3 b5 30. Be6 g6 31. Ng2 gxf5 32. Nf4 a5 33. b3 b4 34. c4 Rb8 35. Kd2 Rd8+ 36. Ke3 Rb8 37. Kd4 Rd8+ 38. Ke5 Bg6 39. Rxf8 Rxf8 40. Nxg6 1-0

[Event "POL-ch rapid"]
[Site "Zgierz"]
[Date "2018.03.04"]
[Round "4"]
[White "Andrejczuk, Beata"]
[Black "Sieciechowicz, Marcin"]
[Result "0-1"]
[WhiteElo "2057"]
[BlackElo "2410"]
[PlyCount "68"]
[EventDate "2018.03.04"]
[EventType "swiss (rapid)"]
[EventRounds "9"]
[EventCountry "POL"]
[SourceTitle "CBM 183 Extra"]
[Source "ChessBase"]
[SourceDate "2018.04.19"]
[SourceVersion "1"]
[SourceVersionDate "2018.04.19"]
[SourceQuality "1"]

1. e4 e6 2. d4 d5 3. e5 c5 4. c3 Qb6 5. a3 Nc6 6. Nf3 c4 7. Be2 Bd7 8. Qc2 Nge7 9. Bf4 Ng6 10. Bg3 Na5 11. Nbd2 Be7 12. h4 h5 13. Ng5 Bxg5 14. hxg5 h4 15. Bh2 0-0-0 16. Rb1 Kb8 17. b4 cxb3 18. Qd3 Rc8 19. 0-0 Ka8 20. Rb2 Ba4 21. Qf3 Qc7 22. Rc1 Qe7 23. Rbb1 Rhf8 24. c4 dxc4 25. Nxc4 Nxc4 26. Bxc4 Qxa3 27. Qc3 Qe7 28. Qa5 Qd7 29. Qb4 Rfd8 30. Bxb3 Rxc1+ 31. Rxc1 Bxb3 32. Qxb3 Qxd4 33. Rb1 Qd5 34. Qe3 Qd1+ 0-1

[Event "POL-ch Academic (Women)"]
[Site "Katowice"]
[Date "2018.02.03"]
[Round "8"]
[White "Andrejczuk, Beata"]
[Black "Kulon, Klaudia"]
[Result "0-1"]
[WhiteElo "2057"]
[BlackElo "2364"]
[PlyCount "58"]
[EventDate "2018.02.02"]
[EventType "swiss (rapid)"]
[EventRounds "9"]
[EventCountry "POL"]
[SourceTitle "CBM 182 Extra"]
[Source "ChessBase"]
[SourceDate "2018.02.23"]
[SourceVersion "1"]
[SourceVersionDate "2018.02.23"]
[SourceQuality "1"]

1. e4 e5 2. Nf3 Nc6 3. Bc4 Nf6 4. d3 h6 5. c3 d6 6. h3 g6 7. Be3 Bg7 8. Nbd2 0-0 9. b4 d5 10. exd5 Nxd5 11. Bc5 Re8 12. Qb3 Be6 13. 0-0 a6 14. a4 b6 15. Be3 f5 16. Nb1 Kh7 17. Na3 Qd7 18. Rfe1 Nxc3 19. Bxe6 Rxe6 20. Qxc3 e4 21. d4 exf3 22. gxf3 Rae8 23. Red1 Ne7 24. Qb3 Nd5 25. Nc4 f4 26. Bc1 Re1+ 27. Kg2 Qf5 28. Rxe1 Rxe1 29. Bb2 Qg5+ 0-1

[Event "POL-chT Academic"]
[Site "Katowice"]
[Date "2018.02.03"]
[Round "3.23"]
[White "Owczarek, Monika"]
[Black "Andrejczuk, Beata"]
[Result "0-1"]
[WhiteElo "1437"]
[BlackElo "2057"]
[PlyCount "61"]
[EventDate "2018.02.03"]
[EventType "team-swiss (rapid)"]
[EventRounds "9"]
[EventCountry "POL"]
[SourceTitle "CBM 182 Extra"]
[Source "ChessBase"]
[SourceDate "2018.02.23"]
[SourceVersion "1"]
[SourceVersionDate "2018.02.23"]
[SourceQuality "1"]
[WhiteTeam "Wroclaw UE"]
[BlackTeam "Warszawa ALK"]
[WhiteTeamCountry "POL"]
[BlackTeamCountry "POL"]

1. d4 Nf6 2. c4 c5 3. d5 b5 4. cxb5 a6 5. Bg5 axb5 6. Bxf6 exf6 7. Nf3 Bd6 8. e3 Qa5+ 9. Qd2 b4 10. Bc4 0-0 11. 0-0 Na6 12. Qc2 Nc7 13. Nbd2 Bb7 14. Ne4 Qb6 15. Rfd1 Rfe8 16. Nh4 Bf8 17. Ng3 Re5 18. e4 Nb5 19. Bxb5 Qxb5 20. Nf3 Ree8 21. b3 Ra6 22. Rac1 Rea8 23. Ra1 Qb6 24. Ne1 Qa7 25. Rd2 Bd6 26. Nd3 g6 27. Kh1 Ra5 28. Ne1 Be5 29. Rc1 Bc3 30. Re2 Ba6 31. Re3 0-1

[Event "POL-ch Academic (Women)"]
[Site "Katowice"]
[Date "2018.02.03"]
[Round "9"]
[White "Tomaszewska, Luiza"]
[Black "Andrejczuk, Beata"]
[Result "0-1"]
[WhiteElo "1955"]
[BlackElo "2057"]
[PlyCount "92"]
[EventDate "2018.02.02"]
[EventType "swiss (rapid)"]
[EventRounds "9"]
[EventCountry "POL"]
[SourceTitle "CBM 182 Extra"]
[Source "ChessBase"]
[SourceDate "2018.02.23"]
[SourceVersion "1"]
[SourceVersionDate "2018.02.23"]
[SourceQuality "1"]

1. d4 Nf6 2. Nf3 c5 3. d5 d6 4. Nc3 g6 5. e4 Bg7 6. Be2 Na6 7. a4 Nb4 8. 0-0 0-0 9. Nd2 Bd7 10. Nc4 Qc8 11. f4 Ng4 12. Kh1 Bd4 13. Qd2 Nf2+ 14. Rxf2 Bxf2 15. Nd1 Bh4 16. c3 Na6 17. e5 Bg4 18. Nde3 Bxe2 19. Qxe2 dxe5 20. fxe5 f5 21. Bd2 f4 22. Ng4 Qd7 23. d6 exd6 24. e6 Qe7 25. Qe4 Bg5 26. Rf1 Nc7 27. Qxb7 d5 28. Nce5 Rfb8 29. Qc6 Rxb2 30. Bc1 Rb1 31. Nd7 f3 32. Qxc7 Qxe6 33. gxf3 Kh8 34. Nde5 Rf8 35. Qxc5 Qf5 36. Qxd5 Bxc1 37. Qd4 Kg8 38. Qd5+ Kh8 39. Qd4 Rf6 40. Qd8+ Kg7 41. Qe7+ Rf7 42. Nxf7 Qxf7 43. Qe5+ Kf8 44. Qh8+ Ke7 45. Re1+ Be3 46. Rxb1 Qxf3# 0-1

[Event "EU-ch blitz"]
[Site "Katowice"]
[Date "2017.12.15"]
[Round "3"]
[White "Neiksans, Arturs"]
[Black "Andrejczuk, Beata"]
[Result "1-0"]
[WhiteElo "2590"]
[BlackElo "2057"]
[PlyCount "35"]
[EventDate "2017.12.15"]
[EventType "swiss (blitz)"]
[EventRounds "22"]
[EventCountry "POL"]
[SourceTitle "CBM 182 Extra"]
[Source "ChessBase"]
[SourceDate "2018.02.23"]
[SourceVersion "1"]
[SourceVersionDate "2018.02.23"]
[SourceQuality "1"]

1. g3 d5 2. Nf3 g6 3. Bg2 Bg7 4. c4 dxc4 5. Na3 e6 6. Nxc4 Nd7 7. d4 Ne7 8. 0-0 0-0 9. e4 Rb8 10. Bf4 b5 11. Na5 Ba6 12. Rc1 Rc8 13. b4 Nb6 14. Ne5 Bxe5 15. Bxe5 Nc4 16. Nxc4 bxc4 17. Bf6 Qd7 18. Qd2 1-0

[Event "POL-ch U26 (Women) rapid"]
[Site "Hucisko"]
[Date "2016.01.16"]
[Round "7"]
[White "Murawko, Katarzyna"]
[Black "Andrejczuk, Beata"]
[Result "1/2-1/2"]
[WhiteElo "2031"]
[BlackElo "2088"]
[PlyCount "43"]
[EventDate "2016.01.15"]
[EventType "swiss (rapid)"]
[EventRounds "9"]
[EventCountry "POL"]
[SourceTitle "CBM 170 Extra"]
[Source "ChessBase"]
[SourceDate "2016.02.25"]
[SourceVersion "1"]
[SourceVersionDate "2016.02.25"]
[SourceQuality "1"]

1. e4 d5 2. exd5 Qxd5 3. Nc3 Qa5 4. d4 c6 5. h3 Nf6 6. Nf3 Bf5 7. Bc4 e6 8. 0-0 Bd6 9. Bb3 Nbd7 10. Re1 0-0 11. Bg5 Qc7 12. Bxf6 Nxf6 13. Ne5 Nd5 14. Nxd5 cxd5 15. Rc1 a5 16. a3 Bxe5 17. dxe5 b5 18. c3 a4 19. Bc2 Bxc2 20. Qxc2 Rfc8 21. Qd3 Qc4 22. Qg3 1/2-1/2

[Event "POL-chT 2nd League"]
[Site "Jastrzebia Gora"]
[Date "2015.09.09"]
[Round "5.36"]
[White "Andrejczuk, Beata"]
[Black "Antolak, Julia"]
[Result "0-1"]
[WhiteElo "2136"]
[BlackElo "1945"]
[PlyCount "64"]
[EventDate "2015.09.05"]
[EventType "team-swiss"]
[EventRounds "9"]
[EventCountry "POL"]
[SourceTitle "EXT 2017"]
[Source "ChessBase"]
[SourceDate "2016.10.25"]
[SourceVersion "1"]
[SourceVersionDate "2016.10.25"]
[SourceQuality "1"]
[WhiteTeam "Zielonka Zieloni"]
[BlackTeam "Lodz Okucia Budowlane"]
[WhiteTeamCountry "POL"]
[BlackTeamCountry "POL"]

1. e4 c5 2. Nc3 e6 3. f4 d5 4. e5 Nc6 5. Nf3 Nh6 6. Bb5 Bd7 7. d4 Nxd4 8. Bxd7+ Qxd7 9. Nxd4 cxd4 10. Qxd4 Nf5 11. Qf2 Rc8 12. g4 Bc5 13. Qg2 Nd4 14. Kd1 0-0 15. Bd2 b5 16. a3 a5 17. Rc1 b4 18. axb4 axb4 19. Ne2 Qa4 20. b3 Qa5 21. Ng3 Nb5 22. Ne2 Qb6 23. h4 Be3 24. Rh3 Bxd2 25. Kxd2 Rc7 26. h5 Rfc8 27. h6 Nd4 28. c4 bxc3+ 29. Rcxc3 Nxe2 30. Rxc7 Qxc7 31. Kxe2 Qc2+ 32. Kf1 Qd1+ 0-1

[Event "POL-chT2"]
[Site "Poronin"]
[Date "2013.09.07"]
[Round "1"]
[White "Andrejczuk, Beata"]
[Black "Cherednichenko, Elena"]
[Result "1-0"]
[WhiteElo "2138"]
[BlackElo "2177"]
[PlyCount "89"]
[EventDate "2013.09.06"]
[EventType "team-swiss"]
[EventRounds "9"]
[EventCountry "POL"]
[SourceTitle "EXT 2015"]
[Source "ChessBase"]
[SourceDate "2014.11.20"]
[SourceVersion "1"]
[SourceVersionDate "2014.11.20"]
[SourceQuality "1"]
[WhiteTeam "Zielonka Zieloni"]
[BlackTeam "Raciborz KSz Silesia"]
[WhiteTeamCountry "POL"]
[BlackTeamCountry "POL"]

1. e4 e5 2. Nf3 Nc6 3. Bc4 Bc5 4. d3 d6 5. 0-0 Nf6 6. Bg5 h6 7. Bh4 g5 8. Bg3 Bg4 9. c3 Qe7 10. Nbd2 Nh5 11. Kh1 Nf4 12. b4 Bb6 13. a4 a5 14. Bb5 axb4 15. cxb4 Bd7 16. a5 Ba7 17. Bxf4 gxf4 18. Qa4 Qe6 19. a6 Ne7 20. Bxd7+ Qxd7 21. Qa2 b5 22. Qb3 Nc6 23. Qd5 Rb8 24. Rab1 Rg8 25. Nh4 Ne7 26. Qa2 Qg4 27. Ndf3 Rg7 28. Rbc1 Qc8 29. Rc3 c6 30. Rfc1 Rb6 31. Ra1 Qg4 32. h3 Qe6 33. Qd2 d5 34. Nf5 Nxf5 35. exf5 Qxf5 36. Nxe5 Qf6 37. Qe1 Kd8 38. Rac1 Qg5 39. g3 Qh5 40. Kg2 c5 41. Rxc5 Re6 42. Rxd5+ Ke8 43. Rc8+ Ke7 44. Nc6+ Kf6 45. Qxe6+ 1-0

[Event "Rewal op 11th"]
[Site "Rewal"]
[Date "2006.08.29"]
[Round "11"]
[White "Andrejczuk, Beata"]
[Black "Stoma, Pawel"]
[Result "1/2-1/2"]
[WhiteElo "2146"]
[BlackElo "2244"]
[PlyCount "74"]
[EventDate "2006.08.21"]
[EventType "swiss"]
[EventRounds "11"]
[EventCountry "POL"]
[SourceTitle "EXT 2010"]
[Source "ChessBase"]
[SourceDate "2010.11.25"]
[SourceVersion "1"]
[SourceVersionDate "2010.11.25"]
[SourceQuality "1"]

1. e4 Nc6 2. Nc3 e5 3. Bc4 Nf6 4. d3 Na5 5. Bb3 Nxb3 6. axb3 c6 7. f4 d6 8. Nf3 exf4 9. Bxf4 Be7 10. 0-0 0-0 11. Qd2 a6 12. Ne2 Nh5 13. Bg5 f6 14. Be3 d5 15. e5 Bg4 16. d4 Bxf3 17. Rxf3 fxe5 18. Rxf8+ Bxf8 19. dxe5 g6 20. Rf1 Qe7 21. Nf4 Ng7 22. Nd3 Ne6 23. b4 Bg7 24. c3 Rf8 25. Rxf8+ Qxf8 26. Qf2 Qe7 27. Qg3 Kf7 28. Kf1 Qc7 29. Qf3+ Ke8 30. Qh3 Qf7+ 31. Ke2 h5 32. Nc5 Ke7 33. Qh4+ Kf8 34. Qh3 Ke7 35. Qh4+ Kf8 36. Qh3 Ke7 37. Qh4+ Kf8 1/2-1/2

[Event "Rewal op 11th"]
[Site "Rewal"]
[Date "2006.08.28"]
[Round "10"]
[White "Popova, Natalija"]
[Black "Andrejczuk, Beata"]
[Result "1/2-1/2"]
[WhiteElo "2233"]
[BlackElo "2146"]
[PlyCount "165"]
[EventDate "2006.08.21"]
[EventType "swiss"]
[EventRounds "11"]
[EventCountry "POL"]
[SourceTitle "EXT 2010"]
[Source "ChessBase"]
[SourceDate "2010.11.25"]
[SourceVersion "1"]
[SourceVersionDate "2010.11.25"]
[SourceQuality "1"]

1. e4 d5 2. exd5 Qxd5 3. Nc3 Qa5 4. d4 c6 5. h3 Nf6 6. Nf3 Bf5 7. Bc4 e6 8. 0-0 Bd6 9. Bd2 Qc7 10. Qe2 Nbd7 11. Bb3 0-0-0 12. Rfe1 h6 13. Ne5 Rdf8 14. Nd1 Ne4 15. Nxd7 Qxd7 16. Be3 Bb8 17. a4 Qc7 18. Qf3 g5 19. Bc1 g4 20. hxg4 Ng5 21. Bxg5 hxg5 22. g3 Qa5 23. Nc3 Bg6 24. Qf6 Bc7 25. Kg2 Bd8 26. Qe5 Qxe5 27. dxe5 Ba5 28. Rad1 Rh6 29. f3 Bxc3 30. bxc3 Rfh8 31. Rh1 Rxh1 32. Rxh1 Rd8 33. Rf1 Rd2+ 34. Rf2 Rd1 35. Re2 Kd7 36. Kf2 b5 37. Re1 Rxe1 38. Kxe1 bxa4 39. Bxa4 Kc7 40. Kd2 Kb6 41. Ke3 Kc5 42. Bb3 a5 43. f4 gxf4+ 44. gxf4 Kb5 45. f5 exf5 46. gxf5 Bxf5 47. Bxf7 Kc5 48. Bb3 Bg6 49. Kf4 Be8 50. Kg5 a4 51. Ba2 a3 52. Kf6 Bh5 53. e6 Kd6 54. Bb3 c5 55. Bc4 Be8 56. e7 Bh5 57. Bb3 Be8 58. Bf7 Bxf7 59. Kxf7 a2 60. e8Q a1Q 61. Qd8+ Kc6 62. Qf6+ Kc7 63. c4 Qg1 64. Qe5+ Kc6 65. Ke7 Qd4 66. Qe6+ Kc7 67. Qd5 Qg7+ 68. Ke6 Qg8+ 69. Ke5 Qg5+ 70. Ke4 Qg2+ 71. Kd3 Qg3+ 72. Kd2 Qf2+ 73. Kd3 Qg3+ 74. Kd2 Qh2+ 75. Ke3 Qg1+ 76. Kf4 Qh2+ 77. Kg4 Qe2+ 78. Kg5 Qe3+ 79. Kg6 Qg3+ 80. Qg5 Qd6+ 81. Kf7 Qd4 82. Ke7 Kc6 83. Qf6+ 1/2-1/2

[Event "Rewal op 11th"]
[Site "Rewal"]
[Date "2006.08.23"]
[Round "4"]
[White "Sokalsky, Alexander"]
[Black "Andrejczuk, Beata"]
[Result "0-1"]
[WhiteElo "2199"]
[BlackElo "2146"]
[PlyCount "91"]
[EventDate "2006.08.21"]
[EventType "swiss"]
[EventRounds "11"]
[EventCountry "POL"]
[SourceTitle "EXT 2010"]
[Source "ChessBase"]
[SourceDate "2010.11.25"]
[SourceVersion "1"]
[SourceVersionDate "2010.11.25"]
[SourceQuality "1"]

1. c4 e5 2. Nc3 Nc6 3. g3 f5 4. d3 Nf6 5. Bg2 Bc5 6. e3 0-0 7. Nge2 d6 8. 0-0 Qe8 9. Nd5 Nxd5 10. cxd5 Ne7 11. d4 Bb6 12. a4 a5 13. dxe5 dxe5 14. d6 Ng6 15. dxc7 Bxc7 16. Nc3 Ra6 17. Nb5 Bb8 18. f4 e4 19. Bd2 Be6 20. Bc3 Qf7 21. Rf2 Ne7 22. Bd4 Bb3 23. Qe1 Nd5 24. Bf1 Nb4 25. Rd2 Nc2 26. Rxc2 Bxc2 27. Qd2 Bb3 28. Na3 Re6 29. Bb5 Rh6 30. Qc3 Be6 31. Qxa5 Rc8 32. Qd2 Qh5 33. Rf1 Bd6 34. Rf2 Bb3 35. Bf1 Bxa3 36. bxa3 Qf7 37. Qb4 Bc4 38. Bg2 Bd3 39. h3 Rhc6 40. Kh2 Rc2 41. Rxc2 Rxc2 42. Qd6 h6 43. Kh1 Be2 44. g4 Bf3 45. Bxf3 exf3 46. g5 0-1